Heimspielstätten von Fussballvereinen - Satellitenfotos #2 - Statistiken

Allgemein
  • Dieses Quiz wurde 101 mal gespielt
  • Das Durchschnittsergebnis liegt bei 3 aus 8
Antwortstatistiken
Bildquiz Antwort % Korrekt
Borussia Dortmund
89%
Eintracht Frankfurt
88%
TSV 1867 Leipzig
59%
FC Augsburg
33%
Karlsruher SC
26%
Union Berlin
19%
Holstein Kiel
15%
Rot-Weiß Essen
15%
Keine übereinstimmenden Quizze gefunden
Verteilung der Resultate
Anzahl Personen mit jedem Resultat
Perzentil nach korrekt beantworteten Fragen
Ihre Resultats-Entwicklung
Sie haben dieses Quiz noch nicht gespielt